[Event "European Blitz 2022"]
[Site "Katowice POL"]
[Date "2022.12.16"]
[Round "15.64"]
[White "Salna, Aleksandras"]
[Black "Psyk, Radoslaw"]
[Result "0-1"]
[WhiteElo "2191"]
[BlackElo "2438"]
[WhiteFideId "12807575"]
[BlackFideId "1182838"]
[EventDate "2022.12.16"]

1. d4 Nf6 2. c4 e5 3. dxe5 Ng4 4. Bf4 Nc6 5. Nf3 Bb4+ 6. Nc3 Bxc3+ 7. bxc3 Qe7
8. Qd5 f6 9. exf6 Nxf6 10. Qd3 d6 11. g3 Ne5 12. Nxe5 dxe5 13. Bg5 O-O 14. Bg2
c6 15. O-O Be6 16. Rab1 Rad8 17. Qe3 Bxc4 18. Qxa7 Rd7 19. Rfe1 h6 20. Bxf6 Qxf6
21. Be4 Rdf7 22. f3 b5 23. Qc5 Bxa2 24. Ra1 Bc4 25. Ra6 Qg5 26. Rxc6 Qd2 27. Kf2
Rxf3+ 28. Bxf3 Rxf3+ 29. Kxf3 Qxe1 30. Rc8+ Kh7 31. Qf2 Bd5+ 0-1

[Event "European Blitz 2022"]
[Site "Katowice POL"]
[Date "2022.12.16"]
[Round "15.65"]
[White "Redzisz, Michal"]
[Black "Barski, Radoslaw"]
[Result "0-1"]
[WhiteTitle "FM"]
[BlackTitle "IM"]
[WhiteElo "2260"]
[BlackElo "2441"]
[WhiteFideId "21816107"]
[BlackFideId "1131710"]
[EventDate "2022.12.16"]

1. d4 d5 2. c4 e6 3. Nf3 Nf6 4. g3 Bb4+ 5. Bd2 a5 6. Qc2 O-O 7. Bg2 c5 8. e3
dxc4 9. dxc5 Bxc5 10. Ne5 Ra7 11. Nc3 b6 12. Nb5 Bb7 13. Bxb7 Rxb7 14. O-O Nbd7
15. Nxc4 Qe7 16. Rac1 e5 17. Rfd1 Qe6 18. Be1 e4 19. Nbd6 Rbb8 20. a4 h5 21. Bc3
Qh3 22. Qe2 Ng4 23. f4 exf3 24. Qxf3 Qxh2+ 25. Kf1 Qh3+ 26. Kg1 f5 27. Rf1 Qh2# 0-1

[Event "European Blitz 2022"]
[Site "Katowice POL"]
[Date "2022.12.16"]
[Round "15.66"]
[White "Tuomainen, Felix"]
[Black "Haydon, David L"]
[Result "0-1"]
[WhiteTitle "FM"]
[BlackTitle "FM"]
[WhiteElo "2232"]
[BlackElo "2289"]
[WhiteFideId "1720813"]
[BlackFideId "415405"]
[EventDate "2022.12.16"]

1. d4 Nf6 2. c4 e6 3. Nc3 Bb4 4. a3 Bxc3+ 5. bxc3 b6 6. f3 d6 7. e4 Nc6 8. Bd3
Na5 9. Qe2 c5 10. Bg5 h6 11. Bh4 cxd4 12. cxd4 Nb3 13. Rd1 Nxd4 14. Qb2 Nc6 15.
Ne2 Qe7 16. O-O Bb7 17. f4 Rg8 18. Kh1 g5 19. fxg5 Ng4 20. Qd2 hxg5 21. Bg3 Nge5
22. Nc3 O-O-O 23. Be2 Kb8 24. a4 f6 25. Nb5 Na5 26. Qb4 Bxe4 27. Bxe5 fxe5 28.
Rxd6 Rxd6 29. Qxd6+ Qxd6 30. Nxd6 Bc6 31. Nb5 Rd8 32. h3 a6 33. Nc3 Rd2 34. Bf3
Bxf3 35. Rxf3 Nxc4 36. Ne4 Ra2 37. Nxg5 Rxa4 38. Nxe6 e4 39. Rf8+ Kb7 40. h4 e3
41. Rf7+ Kc6 42. h5 Ne5 43. Rf1 Rh4+ 44. Kg1 Nd3 45. g3 Rxh5 46. Nd4+ Kd5 47.
Ne2 a5 48. Rd1 Ke4 49. Kg2 Rf5 50. Nc3+ Kd4 51. Ne2+ Kc4 52. Kg1 Rf2 53. Nf4
Nxf4 54. gxf4 0-1

[Event "European Blitz 2022"]
[Site "Katowice POL"]
[Date "2022.12.16"]
[Round "15.67"]
[White "Stremavicius, Pijus"]
[Black "Hasterok, Mateusz"]
[Result "0-1"]
[WhiteTitle "FM"]
[WhiteElo "2369"]
[BlackElo "2162"]
[WhiteFideId "12812730"]
[BlackFideId "21822352"]
[EventDate "2022.12.16"]

1. e4 c5 2. Nf3 e6 3. g3 Nc6 4. Bg2 Nf6 5. Qe2 e5 6. O-O Be7 7. Nc3 O-O 8. Nd5
d6 9. c3 Bg4 10. Nxe7+ Qxe7 11. h3 Bh5 12. g4 Bg6 13. Nh4 Rab8 14. Nf5 Bxf5 15.
exf5 Rfe8 16. d3 h6 17. h4 e4 18. g5 hxg5 19. hxg5 Nh7 20. g6 fxg6 21. fxg6 Nf6
22. dxe4 Ne5 23. Bg5 Nxg6 24. f4 Qf7 25. Rae1 Nh7 26. Qh5 Ngf8 27. Qg4 Qg6 28.
e5 dxe5 29. Be4 Nf6 30. Bxg6 Nxg4 31. Bxe8 Rxe8 32. fxe5 Nxe5 33. Kg2 Nfg6 34.
Re4 Re6 35. Rfe1 Kf7 36. Kg3 b5 37. Be3 Nd3 38. Rxe6 Kxe6 39. Re2 Nge5 40. Bf4
Kd5 41. b3 c4 42. b4 g6 43. Be3 Nf7 44. Bxa7 Nd6 45. Bb8 Ne4+ 46. Rxe4 Kxe4 47.
Kg4 Nc1 48. a3 Ne2 49. Kg5 Nxc3 50. Kxg6 Nb1 51. Ba7 c3 0-1

[Event "European Blitz 2022"]
[Site "Katowice POL"]
[Date "2022.12.16"]
[Round "15.68"]
[White "Minald, Andrey"]
[Black "Plaskan, Jure"]
[Result "1-0"]
[WhiteElo "2091"]
[BlackElo "2241"]
[WhiteFideId "13506854"]
[BlackFideId "14605252"]
[EventDate "2022.12.16"]

1. c4 Nf6 2. Nc3 e6 3. Nf3 d5 4. e3 Be7 5. b3 c5 6. d4 cxd4 7. exd4 O-O 8. Be2
b6 9. O-O Bb7 10. Be3 Nbd7 11. h3 Rc8 12. Rc1 dxc4 13. Bxc4 Ba3 14. Rc2 a6 15.
Qe2 b5 16. Bd3 h6 17. Rd1 Qa5 18. Bd2 Qb6 19. Ne4 Nxe4 20. Bxe4 Bxe4 21. Qxe4
Nf6 22. Qd3 Nd5 23. g3 Qd6 24. Kg2 Nb6 25. Bf4 Qe7 26. Rdd2 Bb4 27. Re2 Nd5 28.
Bd2 Qb7 29. Rxc8 Rxc8 30. Bxb4 Nxb4 31. Qd2 Nd5 32. Qd3 Rc3 33. Qe4 Qc7 34. Ne5
Rc1 35. Re1 Rc2 36. Re2 Rc1 37. Re1 Rc3 38. Nf3 g6 39. h4 Qc6 40. h5 Ne7 41.
hxg6 Nxg6 42. Qxc6 Rxc6 43. Rd1 Ne7 44. Ne5 Rd6 45. a4 Nf5 46. Nf3 Kg7 47. g4
Ne7 48. Kg3 Nc6 49. Kf4 f6 50. Ke4 Ne7 51. axb5 axb5 52. Rc1 Nd5 53. Rc5 b4 54.
Rc8 Ra6 55. Rb8 Ra3 56. Re8 Kf7 57. Rh8 Rxb3 58. Rxh6 Nc3+ 59. Kf4 Ne2+ 60. Ke4
Rb1 61. Rh7+ Kg6 62. Rb7 f5+ 63. gxf5+ exf5+ 64. Kd3 Nf4+ 65. Kc2 Rf1 66. Ne5+
Kf6 67. Rb6+ Kg5 68. Rxb4 Rxf2+ 69. Kd1 Nd5 70. Rb8 f4 71. Rf8 Ne3+ 72. Ke1 Ra2
73. Nf3+ Kg4 74. Ne5+ Kg3 75. Rg8+ Kh4 76. Nf3+ Kh5 77. d5 Ra1+ 78. Ke2 Ra2+ 79.
Kd3 Rf2 80. Ke4 Nf1 81. d6 Nd2+ 82. Nxd2 Rxd2 83. Rd8 Kg4 84. d7 Re2+ 85. Kd3
Kf3 86. Rf8 Re1 87. Kd2 Re2+ 88. Kd1 Ra2 89. d8=Q Ra1+ 90. Kc2 Ra2+ 91. Kb3 Re2
92. Qd5+ Kg3 93. Rg8+ Kf2 94. Rg2+ Kf1 95. Qf3+ 1-0

[Event "European Blitz 2022"]
[Site "Katowice POL"]
[Date "2022.12.16"]
[Round "15.69"]
[White "Kacprzak, Kacper"]
[Black "Bazakutsa, Svyatoslav"]
[Result "1/2-1/2"]
[WhiteElo "2289"]
[BlackElo "2318"]
[WhiteFideId "21819319"]
[BlackFideId "14198525"]
[EventDate "2022.12.16"]

1. e4 c6 2. d4 d5 3. e5 c5 4. dxc5 e6 5. Nf3 Bxc5 6. Bd3 Ne7 7. Bf4 Nbc6 8. O-O
Ng6 9. Bg3 O-O 10. Nbd2 Be7 11. c4 Nb4 12. Bb1 dxc4 13. Nxc4 Bd7 14. a3 Nd5 15.
Nd6 Bc6 16. Bxg6 hxg6 17. h3 a5 18. Nd4 Qb6 19. Rc1 Bxd6 20. exd6 Qxb2 21. Nxc6
bxc6 22. Rxc6 Qxa3 23. Qd4 Rfd8 24. Rfc1 a4 25. Bh4 f6 26. Qe4 Rxd6 27. Bg3 e5
28. Qxg6 Ne7 29. Rc8+ Rxc8 30. Rxc8+ Nxc8 31. Qe8+ Kh7 32. Qh5+ Kg8 1/2-1/2

[Event "European Blitz 2022"]
[Site "Katowice POL"]
[Date "2022.12.16"]
[Round "15.70"]
[White "Cyfka, Karina"]
[Black "Bergsson, Stefan"]
[Result "0-1"]
[WhiteTitle "IM"]
[WhiteElo "2348"]
[BlackElo "2172"]
[WhiteFideId "1122681"]
[BlackFideId "2301393"]
[EventDate "2022.12.16"]

1. d4 Nf6 2. c4 g6 3. Nc3 Bg7 4. e4 d6 5. Nf3 O-O 6. Be2 e5 7. Be3 Ng4 8. Bg5 f6
9. Bh4 Nc6 10. dxe5 Ngxe5 11. O-O Be6 12. Nd5 Bxd5 13. cxd5 Ne7 14. Nd4 Qd7 15.
f4 c5 16. Ne6 g5 17. fxg5 N7g6 18. gxf6 Bh6 19. Bg3 Rf7 20. a4 a6 21. Rf5 Raf8
22. Qf1 Be3+ 23. Kh1 Bd4 24. h4 Rc8 25. h5 Nf8 26. Ng5 Bxb2 27. Rb1 Bd4 28. Nxf7
Nxf7 29. Bg4 Re8 30. Rg5+ Nxg5 31. Bxd7 Nxd7 32. Rxb7 Nxf6 33. Bxd6 Ngxe4 34.
Qf5 Nf2+ 35. Kh2 N6g4+ 36. Kg3 Re3+ 37. Qf3 Rxf3+ 38. gxf3 Nh6 39. Bc7 Nf5+ 40.
Kf4 Ng7 41. d6 Ne6+ 42. Kg3 Nd3 43. d7 Bf6 44. Rb8+ Kf7 45. d8=Q Nxd8 46. Bxd8
Be5+ 47. Kg4 Bxb8 48. Kf5 c4 49. Ba5 Bd6 50. Ke4 Nc5+ 51. Kd5 Be7 52. Kxc4 Nxa4
53. Bd2 Nb6+ 54. Kd4 Nd7 55. h6 Ke6 56. Kc4 Kd6 57. Kb4 Kc6+ 58. Ka5 Kb7 59. f4
Bd8+ 60. Kb4 Nb6 61. f5 Kc6 62. Kb3 Kb5 63. Bc3 Nd5 64. Bg7 Bf6 65. Bf8 a5 66.
Bd6 a4+ 67. Ka2 Kc4 68. Ka3 Kb5 69. Ka2 Nb4+ 70. Ka3 Nd3 71. Ka2 Kc6 72. Bf8 Kd5
73. Ka3 Nc5 74. Kb4 Nd3+ 75. Kxa4 Ke4 76. Kb5 Kxf5 77. Kc4 Ne5+ 78. Kd5 Nf7 79.
Kc4 Kg6 80. Kd5 Nxh6 81. Ke6 Ng4 82. Bd6 h5 83. Bg3 Bd8 84. Kd7 Ba5 85. Ke6 Bc3
86. Kd5 Kf5 87. Kc4 Be5 88. Bh4 Ke4 89. Bg5 Bf4 90. Bh4 Ne5+ 91. Kc3 Nf3 92. Bd8
Ke3 93. Kc2 Ke2 94. Kc3 Ng5 95. Kd4 h4 96. Kd5 h3 0-1

[Event "European Blitz 2022"]
[Site "Katowice POL"]
[Date "2022.12.16"]
[Round "15.71"]
[White "Drazic, Sinisa"]
[Black "Grzesik, Gracjan"]
[Result "1-0"]
[WhiteTitle "GM"]
[WhiteElo "2372"]
[BlackElo "2148"]
[WhiteFideId "901172"]
[BlackFideId "1194593"]
[EventDate "2022.12.16"]

1. d4 Nf6 2. Bg5 d5 3. Nd2 c5 4. e3 e6 5. c3 Nc6 6. f4 Be7 7. Bd3 Rb8 8. a3 b5
9. Ngf3 c4 10. Bc2 Bb7 11. O-O a5 12. Qe2 h6 13. Bh4 b4 14. axb4 axb4 15. Ba4
bxc3 16. bxc3 O-O 17. Bxc6 Bxc6 18. Ne5 Qc7 19. f5 exf5 20. Rxf5 Rb2 21. Bxf6
Bxf6 22. Raf1 Bxe5 23. Rxe5 Rfb8 24. Qe1 Rc2 25. Qg3 Rxd2 26. Re8+ Rxe8 27. Qxc7
Ba4 28. Qxf7+ Kh8 29. Qxd5 Bc2 30. Qxc4 Be4 31. Rf4 Rxg2+ 32. Kf1 Ba8 33. e4
Rxh2 34. d5 Rb8 35. Qd3 Bb7 36. Kg1 Rb2 37. Rf2 Rb6 38. c4 Ba6 39. Rg2 Rb4 40.
Qg3 R8b7 41. Qe5 Bxc4 42. Rf2 Rb8 43. Kh2 Bd3 44. Rg2 R4b7 45. Qd4 Bb1 46. e5
Rb4 47. Qd1 Be4 48. Rd2 Rb3 49. e6 Rb1 50. Qe2 Rh1+ 51. Kg3 Rb3+ 52. Kf4 Rh4+
53. Ke5 Bf3 54. Qf2 Re4+ 55. Kd6 Ra4 56. Ra2 Rab4 57. Ra8+ Kh7 58. Qc2+ Be4 59.
Qc8 Rb6+ 60. Ke5 Bd3 61. Qg8+ Kg6 62. Qf7+ Kh7 63. Rg8 Rb7 64. Rxg7+ Kh8 65.
Qg8# 1-0

[Event "European Blitz 2022"]
[Site "Katowice POL"]
[Date "2022.12.16"]
[Round "15.72"]
[White "Pidluznij, Gleb"]
[Black "Walter, Szymon"]
[Result "1/2-1/2"]
[BlackTitle "FM"]
[WhiteElo "2159"]
[BlackElo "2327"]
[WhiteFideId "12817082"]
[BlackFideId "1172590"]
[EventDate "2022.12.16"]

1. d4 Nf6 2. Bg5 d5 3. Bxf6 exf6 4. e3 c6 5. Nd2 Bd6 6. g3 O-O 7. Bg2 Bf5 8. Ne2
Nd7 9. O-O Re8 10. c4 dxc4 11. Nxc4 Nb6 12. Nxd6 Qxd6 13. Rc1 Rad8 14. Qe1 Bd3
15. Qd2 Bxe2 16. Qxe2 Qxd4 17. Qc2 Qa4 18. b3 Qb4 19. Rfd1 Qe7 20. Rxd8 Rxd8 21.
Rd1 Rxd1+ 22. Qxd1 g6 23. h4 Qd7 24. Qe2 Qf5 25. Bf3 Kg7 26. Kg2 h5 27. Qd2 Nd7
28. Qb2 Ne5 29. Be2 Qe4+ 30. Kg1 Qd5 31. Qc3 a5 32. a3 b5 33. Qc2 Qd6 34. Qb2
Qc5 35. b4 axb4 36. axb4 Qd6 37. Qc3 Nd7 38. Bf3 c5 39. bxc5 Qxc5 40. Qb2 b4 41.
Bd1 Ne5 42. Bb3 Nf3+ 43. Kg2 Qc6 44. Kf1 Ne5 45. Kg1 Qc3 46. Qxc3 bxc3 47. Kf1
Nc6 48. Ke2 Nb4 49. e4 Kf8 50. f4 Ke7 51. Ke3 f5 52. exf5 gxf5 53. Ke2 f6 54.
Bc4 Kd6 55. Bf7 Kc5 56. Bxh5 Kd4 57. Bg6 c2 58. Kd2 Nd3 59. Kxc2 Ne1+ 60. Kd2
Nf3+ 61. Ke2 1/2-1/2

[Event "European Blitz 2022"]
[Site "Katowice POL"]
[Date "2022.12.16"]
[Round "15.73"]
[White "Rog, Bartlomiej"]
[Black "Vega Gutierrez, Sabrina"]
[Result "1-0"]
[BlackTitle "IM"]
[WhiteElo "1969"]
[BlackElo "2361"]
[WhiteFideId "21857377"]
[BlackFideId "2219026"]
[EventDate "2022.12.16"]

1. Nf3 d5 2. c4 e6 3. g3 Nf6 4. Bg2 Be7 5. O-O O-O 6. d4 c6 7. b3 a5 8. Qd3 b6
9. Bb2 b5 10. Nbd2 bxc4 11. bxc4 Na6 12. e4 Rb8 13. Bc3 Bb4 14. e5 Nd7 15. Rab1
Nb6 16. a3 Bxc3 17. Qxc3 c5 18. Qxa5 Nxc4 19. Nxc4 dxc4 20. Qc3 Rxb1 21. Rxb1
cxd4 22. Nxd4 Qc7 23. Nb5 Qc5 24. Nd6 Bd7 25. h4 f6 26. Rb7 Rd8 27. Qxc4 fxe5
28. Qxc5 Nxc5 29. Rc7 Na6 30. Ra7 Nc5 31. Ra5 Nd3 32. Nc4 Rc8 33. Nxe5 Rc1+ 34.
Kh2 Be8 35. Nxd3 Rc2 36. Re5 Bg6 37. Nf4 Bf5 38. Re2 Rc3 39. Nxe6 Rxa3 40. Nd4
Ra5 41. Nxf5 Rxf5 42. Bh3 Rf6 43. Kg2 h6 44. Re7 Ra6 45. Be6+ Kh7 46. Bf5+ 1-0

[Event "European Blitz 2022"]
[Site "Katowice POL"]
[Date "2022.12.16"]
[Round "15.74"]
[White "Ternault, Mathieu"]
[Black "Ribeiro, Gustavo"]
[Result "1/2-1/2"]
[WhiteTitle "FM"]
[WhiteElo "2351"]
[BlackElo "1836"]
[WhiteFideId "20641532"]
[BlackFideId "1941852"]
[EventDate "2022.12.16"]

1. d4 d5 2. Nf3 g6 3. Bf4 Bg7 4. e3 Nf6 5. h3 O-O 6. Be2 e6 7. c4 Re8 8. Nc3 Nc6
9. Rc1 dxc4 10. Bxc4 Nd5 11. Bh2 Nxc3 12. bxc3 Na5 13. Be2 b6 14. O-O Bb7 15. c4
Rc8 16. Qa4 c5 17. dxc5 Rxc5 18. Rfd1 Qc8 19. Bd6 Rc6 20. c5 Rd8 21. Be7 Re8 22.
Bd6 Rd8 23. Be7 Re8 24. Bg5 f6 25. Bh4 Rd8 26. Rxd8+ Qxd8 27. Rd1 Qc8 28. cxb6
axb6 29. Bb5 Rc1 30. Bd7 Rxd1+ 31. Qxd1 Qc4 32. Nd4 Bd5 33. a3 e5 34. Nf3 Qb3
35. Qc1 Qc4 36. Qb2 Qc5 37. Bg3 Nc4 38. Qc1 Bxf3 39. gxf3 Kf8 40. a4 Ke7 41. Bb5
Nd6 42. Qb1 Nxb5 43. axb5 f5 44. Qb3 Qc8 45. Qd5 Qd7 46. Qc4 Bf6 47. Qg8 Kd6 48.
e4 f4 49. Qf8+ Be7 50. Qb8+ Qc7 51. Qa8 Qc1+ 52. Kg2 fxg3 53. Qb8+ Qc7 54. Qa8
Ke6 55. Qg8+ Kf6 56. Qh8+ Ke6 57. Qg8+ Kd7 58. Qd5+ Qd6 59. Qb7+ Ke8 60. Kxg3
Bd8 61. Qxh7 Qf6 62. Qg8+ Ke7 63. Qd5 Qg5+ 64. Kh2 Qf4+ 65. Kg2 Qg5+ 66. Kf1
Qc1+ 67. Kg2 Qc5 68. Qg8 Qd6 69. Qg7+ Ke8 70. Qg8+ Kd7 71. Qf7+ Be7 72. Qc4 Qc5
73. Qd3+ Qd4 74. Qb3 Bc5 75. Qf7+ Kc8 76. Qg8+ Kc7 77. Qf7+ Kc8 78. Qe8+ Kb7 79.
Qf7+ Kb8 80. Qe8+ Ka7 81. Qf7+ Ka8 82. Qe8+ Kb7 1/2-1/2

[Event "European Blitz 2022"]
[Site "Katowice POL"]
[Date "2022.12.16"]
[Round "15.75"]
[White "Shilov, Sergej"]
[Black "Gvetadze, Sofio"]
[Result "0-1"]
[WhiteTitle "FM"]
[BlackTitle "IM"]
[WhiteElo "2047"]
[BlackElo "2298"]
[WhiteFideId "14101505"]
[BlackFideId "13601440"]
[EventDate "2022.12.16"]

1. d4 Nf6 2. Nf3 g6 3. g3 Bg7 4. Bg2 O-O 5. O-O d6 6. c4 Nbd7 7. Nc3 e5 8. b3
Re8 9. Bb2 c6 10. e3 e4 11. Ng5 d5 12. Nh3 Nf8 13. cxd5 cxd5 14. Nf4 h5 15. Rc1
a6 16. b4 Ne6 17. Nxe6 Bxe6 18. Na4 Ng4 19. h3 Nh6 20. Nc5 Bc8 21. a4 h4 22. g4
b6 23. Nb3 f5 24. gxf5 Bxf5 25. a5 Qd7 26. Kh2 Qd6+ 27. Kh1 Qxb4 28. axb6 Qxb6
29. Ba3 Nf7 30. Nc5 Ng5 31. Rb1 Qf6 32. Rb7 Nxh3 33. Qb3 Rad8 34. Kh2 Ng5 35.
Rb6 Qf7 36. Rb7 Qf6 37. Rb6 Rd6 38. Rxd6 Qxd6+ 39. Kg1 Qd8 40. Nb7 Qd7 41. Nd6
h3 42. Bh1 Nf3+ 43. Bxf3 exf3 44. Nxe8 Qd8 45. Kh2 Qxe8 46. Qxd5+ Be6 47. Qxf3
Qb5 48. Rg1 Bf5 49. e4 Qb8+ 50. Qg3 Qxg3+ 51. Rxg3 Bxe4 52. Rxh3 Bxd4 53. Rh4
Be5+ 54. f4 Bd4 55. Kg3 Bf5 56. Rh1 a5 57. Bd6 Bc3 58. Rc1 Bd2 59. Rc5 a4 60.
Be5 a3 61. Ra5 Bxa5 0-1

[Event "European Blitz 2022"]
[Site "Katowice POL"]
[Date "2022.12.16"]
[Round "15.76"]
[White "Warchol, Kamil"]
[Black "Suder, Jakub"]
[Result "0-1"]
[WhiteTitle "FM"]
[BlackTitle "FM"]
[WhiteElo "2164"]
[BlackElo "2244"]
[WhiteFideId "21858241"]
[BlackFideId "1195310"]
[EventDate "2022.12.16"]

1. e4 c5 2. Nf3 Nc6 3. Bb5 Nf6 4. Nc3 Qc7 5. O-O Nd4 6. Bc4 e6 7. d3 a6 8. a4
Bd6 9. h3 h6 10. Nxd4 cxd4 11. Ne2 Bc5 12. c3 dxc3 13. bxc3 d5 14. exd5 exd5 15.
Ba2 O-O 16. Nf4 Rd8 17. Qf3 d4 18. cxd4 Bxd4 19. Rb1 Qa5 20. Bb3 Rb8 21. Ne2 Be5
22. d4 Bd6 23. Bxh6 Bf5 24. Bg5 Bxb1 25. Bxf6 gxf6 26. Qxf6 Qf5 27. Qxf5 Bxf5 0-1

[Event "European Blitz 2022"]
[Site "Katowice POL"]
[Date "2022.12.16"]
[Round "15.77"]
[White "Ziogas, Modestas"]
[Black "Marn, Jan"]
[Result "0-1"]
[BlackTitle "FM"]
[WhiteElo "2098"]
[BlackElo "2332"]
[WhiteFideId "12803740"]
[BlackFideId "14619245"]
[EventDate "2022.12.16"]

1. d4 d5 2. Nc3 Nf6 3. Bg5 Nbd7 4. Qd3 h6 5. Bh4 e6 6. O-O-O c5 7. e4 Qa5 8.
exd5 Be7 9. dxe6 fxe6 10. Qg6+ Kf8 11. Nf3 b5 12. Bxb5 Rb8 13. Bc4 Qb6 14. b3
Ba6 15. Bxa6 Qxa6 16. Ne5 Nxe5 17. dxe5 Ng8 18. Rd7 c4 19. Bxe7+ Nxe7 20. Rxe7
Qa3+ 21. Kb1 Qxe7 22. Rd1 Qf7 23. Qg4 cxb3 24. axb3 Kg8 25. Ne4 Kh7 26. f4 Qg6
27. Qf3 Rhc8 28. Rd7 Rb4 29. Nf6+ Kh8 30. f5 Qxf5 31. Qxf5 exf5 32. e6 gxf6 33.
e7 Rbb8 34. Rxa7 Re8 35. Ra6 Kg7 36. Ra5 Kf7 37. Rxf5 Rxe7 38. Kb2 Re2 39. Rh5
Kg6 40. Rh3 Rc8 41. Rc3 Rxc3 42. Kxc3 Rxg2 43. b4 f5 44. b5 Re2 45. Kd3 Re8 46.
c4 Rb8 47. Ke3 Kg5 48. Kf3 Kf6 49. Kf4 Rc8 0-1

[Event "European Blitz 2022"]
[Site "Katowice POL"]
[Date "2022.12.16"]
[Round "15.78"]
[White "Kutowski, Marcel"]
[Black "Luczak, Filip"]
[Result "0-1"]
[BlackTitle "FM"]
[WhiteElo "2046"]
[BlackElo "2326"]
[WhiteFideId "21878285"]
[BlackFideId "1193686"]
[EventDate "2022.12.16"]

1. e4 g6 2. Nf3 Bg7 3. d4 d6 4. c4 Bg4 5. Be2 Nc6 6. Be3 e5 7. d5 Nce7 8. Nc3 h5
9. Nd2 Bd7 10. b4 Bh6 11. Bxh6 Nxh6 12. c5 Kf8 13. Nc4 Nc8 14. O-O Kg7 15. Qd2
b6 16. c6 Be8 17. f4 f6 18. fxe5 dxe5 19. Rf3 a6 20. b5 a5 21. Raf1 Ng8 22. Kh1
Nd6 23. Ne3 Qe7 24. Bd3 Bf7 25. Ne2 Rf8 26. Qe1 Be8 27. Qg3 h4 28. Qf2 g5 29. h3
Bh5 30. Ng4 Bxg4 31. hxg4 Nh6 32. Nc3 Nxg4 33. Qe2 Nh6 34. Nd1 Qe8 35. Ne3 Qg6
36. Nd1 Rf7 37. Nf2 g4 38. Re3 Qg5 39. Qe1 Kf8 40. Re2 Ke7 41. Nd1 g3 42. Ne3
Ng4 43. Nxg4 Qxg4 44. Rf3 0-1

[Event "European Blitz 2022"]
[Site "Katowice POL"]
[Date "2022.12.16"]
[Round "15.79"]
[White "Kolodziejski, Piotr"]
[Black "Martinez Pla, Xavier"]
[Result "1/2-1/2"]
[BlackTitle "FM"]
[WhiteElo "2091"]
[BlackElo "2277"]
[WhiteFideId "21840962"]
[BlackFideId "32074271"]
[EventDate "2022.12.16"]

1. e4 c5 2. Ne2 Nc6 3. d4 cxd4 4. Nxd4 e6 5. Nc3 Qc7 6. Be3 a6 7. Be2 Nf6 8. O-O
Be7 9. f4 d6 10. Qe1 Nxd4 11. Bxd4 b5 12. a3 O-O 13. Qg3 Bb7 14. Bd3 e5 15. fxe5
Nh5 16. Qh3 dxe5 17. Be3 Bc5 18. Nd5 Bxd5 19. exd5 g6 20. Kh1 Bxe3 21. Qxe3 f5
22. Rad1 Rad8 23. c4 bxc4 24. d6 Qa5 25. Bxc4+ Kg7 26. Rd5 Qa4 27. Qxe5+ Nf6 28.
Qd4 Rfe8 29. b3 Qxa3 30. d7 Rf8 31. Rd6 Qa5 32. Rd1 Qc7 33. Qb6 Qxb6 34. Rxb6
Rxd7 35. Rxd7+ Nxd7 36. Rb7 Rd8 37. Be6 Kf6 38. Bxd7 Ke7 39. Bxf5+ Kf6 40. Bd3
Rxd3 41. Rb6+ Kg5 42. h4+ Kxh4 43. Kh2 a5 44. Rb5 h5 45. Rxa5 Rxb3 46. Ra4+ Kg5
47. Ra5+ Kh6 48. Ra6 h4 49. Ra5 g5 50. Ra4 Kh5 51. Rc4 Ra3 52. Rb4 Ra5 53. Rc4
Rf5 54. Kh3 Rf4 55. Rc8 Ra4 56. Rh8+ Kg6 57. Rg8+ Kf6 58. Rf8+ Kg7 59. Rb8 Ra3+
60. Kh2 Kg6 61. Rb4 Kh5 62. Rc4 Ra2 63. Kh3 Ra3+ 64. Kh2 Rb3 65. Ra4 Rc3 66. Rb4
Rd3 67. Ra4 Rb3 68. Rc4 Rb2 69. Ra4 g4 70. Ra5+ Kg6 71. Ra6+ Kg7 72. Ra4 Kg6 73.
Rxg4+ Kh5 74. Ra4 Rb3 75. Ra5+ Kg6 76. Rc5 Kh6 77. Rf5 Kg6 78. Ra5 Kh6 79. Rc5
Kg6 1/2-1/2

[Event "European Blitz 2022"]
[Site "Katowice POL"]
[Date "2022.12.16"]
[Round "15.80"]
[White "Pein, Jonathan"]
[Black "Golek-Schild, Jagoda"]
[Result "1-0"]
[WhiteTitle "CM"]
[WhiteElo "2252"]
[BlackElo "1986"]
[WhiteFideId "417092"]
[BlackFideId "1138529"]
[EventDate "2022.12.16"]

1. e4 d6 2. c4 Nf6 3. Nc3 c6 4. g3 e5 5. Bg2 Be7 6. Nge2 O-O 7. d4 Qc7 8. O-O a6
9. h3 b5 10. cxb5 axb5 11. Qc2 b4 12. Nd5 Nxd5 13. exd5 exd4 14. dxc6 Ba6 15.
Nxd4 Bxf1 16. Kxf1 Bf6 17. Nf5 b3 18. Qxb3 Nxc6 19. Bf4 Na5 20. Qd3 Rad8 21. Rd1
Nc4 22. Rc1 Nxb2 23. Qb3 Qa5 24. Nxd6 Qa6+ 25. Nb5 Nd3 26. Rc4 Nxf4 27. Rxf4 Bg5
28. Rb4 Rfe8 29. Kg1 Re1+ 30. Kh2 1-0

[Event "European Blitz 2022"]
[Site "Katowice POL"]
[Date "2022.12.16"]
[Round "15.81"]
[White "Sowinski, Pawel"]
[Black "Solys, Laimutis"]
[Result "1-0"]
[BlackTitle "FM"]
[WhiteElo "2064"]
[BlackElo "2289"]
[WhiteFideId "21881979"]
[BlackFideId "12800368"]
[EventDate "2022.12.16"]

1. d4 d6 2. c4 e5 3. dxe5 dxe5 4. Qxd8+ Kxd8 5. Nc3 Be6 6. e3 c6 7. b3 Nd7 8.
Bb2 Kc7 9. O-O-O f6 10. Bd3 Nh6 11. h3 Nf7 12. Nge2 a5 13. a4 Be7 14. Bc2 h5 15.
f4 Nd6 16. Ne4 Nxe4 17. Bxe4 Bd6 18. Rd2 Nc5 19. Bc2 exf4 20. Nxf4 Bxf4 21. exf4
b5 22. Bd4 Nd7 23. Re1 Nf8 24. cxb5 cxb5 25. axb5 Bd7 26. b6+ Kc8 27. Re7 Kd8
28. Bc5 Rc8 29. b7 Rb8 30. Rxg7 Rxb7 31. Bxf8 Rxf8 32. Bf5 1-0

[Event "European Blitz 2022"]
[Site "Katowice POL"]
[Date "2022.12.16"]
[Round "15.82"]
[White "Zochowski, Kacper"]
[Black "Radecki, Adam"]
[Result "0-1"]
[WhiteTitle "FM"]
[WhiteElo "2256"]
[BlackElo "2012"]
[WhiteFideId "1125494"]
[BlackFideId "1197347"]
[EventDate "2022.12.16"]

1. Nf3 d5 2. c4 dxc4 3. e3 Nf6 4. Bxc4 e6 5. O-O Be7 6. Qe2 O-O 7. d4 b6 8. Nc3
Bb7 9. Rd1 Nbd7 10. e4 Rc8 11. h3 c5 12. dxc5 Rxc5 13. Be3 Rc8 14. e5 Ne4 15.
Nxe4 Bxe4 16. Bb5 Bc6 17. Ba6 Rc7 18. Nd4 Bd5 19. Nb5 Bc4 20. Qe1 Bxb5 21. Bxb5
Qc8 22. f4 Nc5 23. Rac1 Rd8 24. Kh2 Rxd1 25. Rxd1 g6 26. Be2 Rd7 27. Bf3 Qd8 28.
Rxd7 Qxd7 29. a3 Qb5 30. b4 Nd7 31. Qc3 Qa6 32. Qc6 Nf8 33. Qc3 Qa4 34. Bc6 Qd1
35. Bf3 Qd8 36. a4 a5 37. b5 Bb4 38. Qc6 Bd2 39. Qe4 Bxe3 40. Qxe3 Qc7 41. Qd4
Nd7 42. Bc6 Nc5 43. h4 Kg7 44. g3 h5 45. Kh3 Qe7 46. Qc4 Qd8 47. g4 hxg4+ 48.
Kxg4 Qd1+ 49. Bf3 Qg1+ 50. Kh3 Qe3 51. Kg4 Nd3 52. Kg3 Qf2+ 53. Kg4 Qg1+ 54. Kh3
Nf2# 0-1

[Event "European Blitz 2022"]
[Site "Katowice POL"]
[Date "2022.12.16"]
[Round "15.83"]
[White "Adamczewski, Jedrzej"]
[Black "Vardanyan, Aras"]
[Result "1/2-1/2"]
[BlackTitle "CM"]
[WhiteElo "1938"]
[BlackElo "2271"]
[WhiteFideId "1135414"]
[BlackFideId "12808792"]
[EventDate "2022.12.16"]

1. e4 c6 2. Nc3 d5 3. Nf3 dxe4 4. Nxe4 Nf6 5. Nxf6+ exf6 6. d4 Bd6 7. Be2 O-O 8.
O-O Na6 9. c3 Nc7 10. Ne1 a5 11. Nd3 a4 12. a3 b5 13. Bf3 Nd5 14. Bxd5 cxd5 15.
Bf4 Bf5 16. Bxd6 Qxd6 17. Nc5 g5 18. Re1 Rfe8 19. Qd2 Bg6 20. Rxe8+ Rxe8 21. Re1
Rxe1+ 22. Qxe1 Kg7 23. Qe3 h6 24. h3 Bc2 25. Qe2 Bb3 26. Nxb3 axb3 27. Qxb5 Qf4
28. Qxb3 Qc1+ 29. Kh2 Qf4+ 30. Kg1 Qc1+ 1/2-1/2